01344nam a22003137a 4500003000900000005001700009008004100026020001800067040004300085082002400128100004400152245026100196250002100457264005700478300003000535336002600565337002800591338002700619490002600646500002000672650003900692653002400731655002400755700003700779700002800816942001200844999001700856952015700873EG-ScBUE20220221114431.0200219r20172009ii f 001 0 eng d a9788123916729 aEG-ScBUEbengerdacEG-ScBUEdEG-ScBUE04222a362.110289bSID1 aSiddiqui, A. A.,d1945-eauthor.93466612aA textbook of hospital and clinical pharmacy :bfor degree course /cDr. Anees A. Siddiqui, Faculty of Pharmacy, Jamia Hamdard, New Delhi, Seemi Siddiqui, SGC College of Pharmacy, Ahera, Baghpat, Imran Parvez, regional manager, Ranbaxy Pvt., Ltd., Gurgaon. aReprint edition. 1aNew Delhi :bCBS Publishers and Distributors,c2017. aviii, 311 pages ;c24 cm. 2rdacontentatextbtxt 2rdamediaaunmediatedbn 2rdacarrieravolumebnc0 aCBS outstanding books aIncludes index. 7aPharmacy Service, Hospital.2BUEsh bPPhrmcFebruary2022 vReading book9342321 aSiddiqui, Seemi,eauthor.9346661 aParvez, Imran,eauthor. 2ddccBB c29798d29769 00102ddc40708BaccahaMAINbMAINc1STd2022-02-21ePurchaseg209.00h36423l0o362.110289 SIDp000056158r2025-07-15 00:00:00v261.25w2022-02-21yBB